[Event "GER-ch (Women)"]
[Site "Magdeburg"]
[Date "2023.07.05"]
[Round "1"]
[White "Grabowski, Petra"]
[Black "Ali, Maha"]
[Result "1-0"]
[WhiteElo "1602"]
[BlackElo "1303"]
[PlyCount "65"]
[EventDate "2023.07.05"]
[EventType "swiss"]
[EventRounds "7"]
[EventCountry "GER"]
[SourceTitle "CBM 215 Extra"]
[Source "ChessBase"]
[SourceDate "2023.09.30"]
[SourceVersion "1"]
[SourceVersionDate "2023.09.30"]
[SourceQuality "1"]

1. d4 Nf6 2. c4 e6 3. Bg5 d5 4. e3 Be7 5. Nc3 Nbd7 6. Nf3 h6 7. Bh4 0-0 8. cxd5 Nxd5 9. Bxe7 Nxe7 10. Bd3 c5 11. Rc1 cxd4 12. Nxd4 Ne5 13. Bb1 N7c6 14. Qc2 g6 15. Rd1 Qg5 16. f4 Nxd4 17. exd4 Qh4+ 18. g3 Nf3+ 19. Kf2 Qh5 20. Qe2 Bd7 21. Qxf3 Qxf3+ 22. Kxf3 Bc6+ 23. Be4 Rac8 24. Bxc6 Rxc6 25. d5 exd5 26. Rxd5 Rfc8 27. Rhd1 R8c7 28. Nb5 Re7 29. Nxa7 Ra6 30. Nc8 Rc7 31. Rd8+ Kg7 32. R1d7 Rc2 33. Nd6 1-0

[Event "BL 2122 (Women)"]
[Site "Germany"]
[Date "2021.11.28"]
[Round "2.6"]
[White "Grabowski, Petra"]
[Black "Zahn, Alina"]
[Result "0-1"]
[WhiteElo "1635"]
[BlackElo "2099"]
[PlyCount "70"]
[EventDate "2021.11.27"]
[EventType "team-tourn"]
[EventRounds "11"]
[EventCountry "GER"]
[SourceTitle "EXT 2023"]
[Source "ChessBase"]
[SourceDate "2022.10.05"]
[SourceVersion "1"]
[SourceVersionDate "2022.10.05"]
[SourceQuality "1"]
[WhiteTeam "Lehrte (W)"]
[BlackTeam "Hamburger SK (W)"]
[WhiteTeamCountry "GER"]
[BlackTeamCountry "GER"]

1. d4 d5 2. c4 e6 3. Nc3 Nf6 4. Bg5 Nbd7 5. cxd5 exd5 6. e3 Be7 7. Nf3 0-0 8. Bd3 c6 9. Qc2 Re8 10. h3 Nf8 11. 0-0-0 Be6 12. g4 b5 13. Ne5 Rc8 14. Nxc6 Rxc6 15. Bxb5 Rc8 16. Bxe8 Qxe8 17. Bxf6 Bxf6 18. Kb1 Bd7 19. Qb3 Bc6 20. Rc1 Rb8 21. Qd1 Qd7 22. Rh2 Qb7 23. f4 Nd7 24. Na4 Qa6 25. Nc5 Nxc5 26. dxc5 Qa3 27. b3 Ba4 28. Qxd5 Bxb3 29. axb3 Rxb3+ 30. Kc2 Rc3+ 31. Kd2 Qxc1+ 32. Ke2 Rxe3+ 33. Kf2 Bh4+ 34. Kg2 Qc2+ 35. Kf1 Re1# 0-1

[Event "Niedersachsen-ch op B"]
[Site "Verden"]
[Date "2019.01.05"]
[Round "6"]
[White "Ockenfels, Karsten"]
[Black "Grabowski, Petra"]
[Result "1/2-1/2"]
[WhiteElo "1641"]
[BlackElo "1638"]
[PlyCount "23"]
[EventDate "2019.01.03"]
[EventType "swiss"]
[EventRounds "7"]
[EventCountry "GER"]
[SourceTitle "EXT 2022"]
[Source "ChessBase"]
[SourceDate "2021.10.06"]
[SourceVersion "1"]
[SourceVersionDate "2021.10.06"]
[SourceQuality "1"]

1. d4 Nf6 2. c4 e6 3. Nc3 Bb4 4. Bd2 b6 5. Nf3 Bb7 6. e3 Bxc3 7. Bxc3 d6 8. g3 Nbd7 9. Bg2 Ne4 10. 0-0 Nxc3 11. bxc3 0-0 12. Nd2 1/2-1/2

[Event "Niedersachsen-ch op B"]
[Site "Verden"]
[Date "2018.01.05"]
[Round "3"]
[White "Hallfarth, Luise"]
[Black "Grabowski, Petra"]
[Result "0-1"]
[WhiteElo "1256"]
[BlackElo "1590"]
[PlyCount "118"]
[EventDate "2018.01.04"]
[EventType "swiss"]
[EventRounds "7"]
[EventCountry "GER"]
[SourceTitle "EXT 2022"]
[Source "ChessBase"]
[SourceDate "2021.10.06"]
[SourceVersion "1"]
[SourceVersionDate "2021.10.06"]
[SourceQuality "1"]

1. e4 c6 2. c3 d5 3. exd5 cxd5 4. d4 Bf5 5. Bf4 a6 6. Nf3 Nc6 7. Nbd2 Nf6 8. Nb3 e6 9. Be2 Be7 10. 0-0 0-0 11. h3 b5 12. Nc5 Ne4 13. Nd3 Qb6 14. Nfe5 Nxe5 15. Nxe5 Ra7 16. Kh1 f6 17. Nd3 Bd6 18. Bxd6 Qxd6 19. Rc1 Rc7 20. Bf3 Ng5 21. Re1 Bxd3 22. Qxd3 Qf4 23. Bg4 f5 24. Bf3 Nxf3 25. Qxf3 Qxf3 26. gxf3 Rf6 27. Rg1 Rh6 28. Kh2 Rf7 29. Rh1 Rff6 30. Rcg1 Rh4 31. Rg3 Rfh6 32. Rhg1 g6 33. f4 Rxf4 34. Kg2 Re4 35. Re3 Rhh4 36. Rge1 Kf7 37. Kg3 f4+ 38. Kxh4 fxe3+ 39. Kg3 exf2 40. Kxf2 Rxe1 41. Kxe1 Kf6 42. Ke2 e5 43. dxe5+ Kxe5 44. Kd3 Kf4 45. b3 Kg3 46. c4 dxc4+ 47. bxc4 bxc4+ 48. Kxc4 Kxh3 49. a4 g5 50. Kc5 g4 51. Kb6 g3 52. Kxa6 g2 53. a5 g1Q 54. Kb7 Qg7+ 55. Kb6 Qd4+ 56. Kb7 Qd5+ 57. Kb6 Qd6+ 58. Kb7 Qb4+ 59. Ka6 Kg4 0-1